000 00552cam a2200169 a 4500
020 _a020151284X
082 0 0 _a005.133
_bCAR
_cNUST
100 1 _aCarroll, Martin D.
_936661
245 1 0 _aDesigning and coding reusable C++ /
_cMartin D. Carroll, Margaret A. Ellis.
260 _aReading, Mass. :
_bAddison-Wesley,
_cc1995.
300 _axvi, 317 p. :
_bill. ;
_c24 cm.
526 _a0
_b0
_c0
_d005_133000000000000_CAR
650 0 _aC++ (Computer program language)
_91810
650 0 _aNUST
_96342
700 1 _aEllis, Margaret A.
_936662
942 _2ddc
_cBK
999 _c541669
_d541669